vocabulaire allemand - Statistiques

Statistiques générales
  • Ce quiz a été pris 268 fois
  • Le résultat moyen est 10 sur 53
Statistiques - réponses
français allemand % Correct
la tête Der kopf
77%
les yeux die augen
49%
voyager reisen
48%
le visage das gesicht
46%
avoir besoin de brauchen
44%
les mains die hände
44%
l'art die kunst
44%
sombre dunckel
44%
la bouche der mund
43%
riche reich
43%
peindre malen
37%
pauvre arm
32%
clair hell
31%
rendre visite/visiter besuchen
29%
le peintre der Maler
29%
die kraft/die stärk la force
29%
elegant elegant
25%
dessiner zeichnen
25%
le ventre Der bauch
24%
épouser heiraten
22%
le nez Die naze
19%
faible schwach
19%
serieux ernst
17%
le coue Der Hals
16%
le dessinateur der zeichner
16%
l'œuvre d'art das kunstwerk
14%
coloré bunt
13%
l'arrière plan der hintergrund
12%
la peinture die malerei
12%
le dessin die zeichnung
12%
le front Die Stirn
11%
représenter darstellen
10%
le portrait das porträt
8%
le premier plan Der vordergrund
8%
les habits die kleider
7%
puissant kräftig
7%
le tableau das gemälde
6%
venir de stammen
6%
confiant selbstbewusst
3%
se rendre begeben
1%
donner l'impression que den eindruck geben, dass
1%
la mise en scène die inszenierung
1%
durer c'est représenté lui même durer hat sich selbst dargestellt
1%
un autoportrait ein selbstbildnis
1%
il donne l'impression qu'il est riche er gibt den eindruck, dass er reich ist
1%
solennel feierlich
1%
J'ai mal au ventre Ich habe ein Bauchweh
1%
terne matt
1%
durer donne de lui même une image idéale durer gibt ein Idealbild von sich
0%
donner de soi une image idéale ein idealbild von sich geben
0%
un manteau de fourrure ein pelzfrock
0%
brillant grell
0%
gagner sa vie seinen lebensunterhalt verdienen
0%
Aucun quiz correspondant
Distribution des résultats
% des personnes avec chaque résultat
Percentile par nombre de réponses
Votre historique - résultats
Vous n’avez pas pris ce quiz